000 00599nam a2200205Ia 4500
003 OSt
005 20250505123050.0
008 210210b1971 xxu||||| |||| 00| 0 eng d
040 _cAL
041 _aKannada
082 _aK894.109 CHEK
100 _aCHENNAVIRA KANAVI.
_dಚೆನ್ನವೀರ ಕಣವಿ
_9209280
245 _aKavyanusandhana.
_bಕಾವ್ಯಾನುಸಂಧಾನ
260 _aMaisuru
_bTa Vem Smaraka Granthamale
_c1971
300 _a173
650 _aKavyanusandhana.
_9209281
690 _aKannada Poetry Criticism
_9209282
906 _a030186
942 _2ddc
_cBK
999 _c81375
_d81375